000 00354nam a2200145Ia 4500
008 240330s9999||||xx |||||||||||||| ||und||
020 _a9789390113286
082 _a383.7
_bASH/I
100 _aAswathappa, K
245 0 _aInternational business
250 _a7th Edition
260 _aChennai
_bMc Graw Hill
_c2023
300 _a816p.
942 _cBK
999 _c44218
_d44218